| 000 | 01215nam a2200361 a 4500 | ||
|---|---|---|---|
| 999 |
_c149252 _d149252 |
||
| 003 | BLK | ||
| 005 | 20240113155806.0 | ||
| 008 | 180410b bul|||||r ||||||| ||bul|| | ||
| 010 | _aKNG00155506000 | ||
| 040 | _aBLK | ||
| 041 |
_aBUL _cBUL |
||
| 080 |
_b793.4/.9 _z793.4/.9 |
||
| 080 |
_aДекоративна хартия. Тапети _b745.54 _z745.54 |
||
| 100 | 1 |
_aМирчева, Цветана _eпърви автор _9243378 |
|
| 139 |
_aМирчева, Цветана _bМ 68 |
||
| 245 | 1 | 0 |
_aОригами _bКн.-играчка : Кн. 1 - _cЦветана Мирчева. _nКн. 1 |
| 257 | _aBGR | ||
| 260 |
_bОтечество _c1983 - _aСофия |
||
| 300 | _c29 см | ||
| 380 | _aDN | ||
| 490 |
_aПоредица Сръчният Ежко _9207087 |
||
| 500 | _a60 135 тир. | ||
| 650 | 4 |
_aОригами _9165177 |
|
| 653 | _aоригами | ||
| 760 | 1 |
_aМирчева, Цветана _d1983 _h98 с. : с ил. _tКн. 1 |
|
| 852 | _aЦб ІІ 19750 | ||
| 856 | 4 | _qpdf | |
| 856 | 4 | _qpdf | |
| 942 |
_cKNG _n0 _04 _s1 |
||
| 944 |
_aCR _c09.01.2014 _lСевдалина Тодорова _k30540 |
||
| 944 |
_aED _c09.01.2014 _l09.01.2014 - от С1,Р / 09.01.2014 |
||
| 999 | _d149252 | ||